国家公務員総合職 出身大学別最終合格者数ランキング - Statistics

General Stats
  • This quiz has been taken 34 times
  • The average score is 23 of 30
Answer Stats
大学名 合格者数 % Correct
1 東京大学 345
100%
2 京都大学 179
100%
3 早稲田大学 119
100%
4 東北大学 90
100%
5 慶応義塾大学 88
100%
7 大阪大学 72
100%
8 北海道大学 70
100%
11 広島大学 58
100%
14 九州大学 52
100%
18 名古屋大学 40
100%
10 中央大学 62
95%
9 千葉大学 68
89%
16 明治大学 45
89%
12 岡山大学 55
84%
13 一橋大学 53
84%
20 神戸大学 35
84%
29 横浜国立大学 18
84%
17 筑波大学 43
74%
26 同志社大学 22
74%
6 立命館大学 86
68%
15 東京工業大学 49
68%
22 日本大学 28
63%
21 新潟大学 34
58%
19 東京理科大学 39
53%
25 信州大学 25
47%
28 東京都立大学 19
47%
23 大阪公立大学 26
42%
23 東京農工大学 26
32%
27 東京海洋大学 21
21%
29 専修大学 18
16%
No matching quizzes found
Score Distribution
Percent of People with Each Score
Percentile by Number Answered
Your Score History
You have not taken this quiz